banner-ar

تحفةالعروس او الزواج الاسلامى السعيد: ط 6 / (Record no. 50216)

MARC details
000 -الفاتح
حقل البيانات ثابتة الطول 00657nam a2200193Ia 4500
008 - عناصر البيانات ثابتة الطول - معلومات عامة
حقل البيانات ثابتة الطول 140319s9999 xx 000 0 ara d
040 ## - مصدر الفهرسة
وكالة الفهرسة الأصلية GCL /
وكالة النسخ GCL
082 04 - رقم تصنيف ديوى العشرى
رقم التصنيف 254.1
رقم المادة م ت
100 1# - المدخل الرئيسى - إسم شخصى
الإسم الشخصى محمود مهدى الاستانبولى
245 10 - بيان العنوان
العنوان تحفةالعروس او الزواج الاسلامى السعيد: ط 6 /
بيان المسئوليه,etc محمود مهدى الاستانبولى
260 ## - PUBLICATION, DISTRIBUTION, ETC. (IMPRINT)
تاريخ النشر أو التوزيع 1985
300 ## - الوصف المادى
التعداد 542 ص
490 ## - بيان السلسلة
عنوان السلسلة
650 04 - المدخل الاضافى بالموضوع-مصطلح موضوعى
مصطلح موضوعي الزواج
650 04 - المدخل الاضافى بالموضوع-مصطلح موضوعى
مصطلح موضوعي الزوج ( الشريعة الاسلامية )
650 04 - المدخل الاضافى بالموضوع-مصطلح موضوعى
مصطلح موضوعي الزواج ( الشريعة الاسلامية )
942 ## - عناصر المدخل الإضافي( كوها)
مصدر التصنيف او مخطط الترفيف Dewey Decimal Classification
Koha [default] item type كتاب
260 ## - PUBLICATION, DISTRIBUTION, ETC. (IMPRINT)
-- [S.N] :
-- دار الفكر ،
Holdings
حالة التراجع حالة الفقد حالة تلف ليس للاعارة المكان المؤقت الموقع الحالى تاريخ الاكتساب اجمالي اﻻعارات رقم الطلب الباركود تاريخ اخر مشاهدة تاريخ تفعيل السعر نوع وعاء كوها
        مكتبة القاهرة الكبرى مكتبة القاهرة الكبرى 03/26/2014   254.1\م ت 120559 03/26/2014 03/26/2014 كتاب
        مكتبة القاهرة الكبرى مكتبة القاهرة الكبرى 03/26/2014   254.1\م ت 120560 03/26/2014 03/26/2014 كتاب
        مكتبة القاهرة الكبرى مكتبة القاهرة الكبرى 03/26/2014   254.1\م ت 120561 03/26/2014 03/26/2014 كتاب
        مكتبة القاهرة الكبرى مكتبة القاهرة الكبرى 03/26/2014   254.1\م ت 120562 03/26/2014 03/26/2014 كتاب

Powered By

EGPV